000 00413nam a22001697a 4500
003 MPLRDC
005 20220104144141.0
008 210129b ||||| |||| 00| 0 eng d
020 _a957-666-010-6
082 _a419.7 HYJ v.1
100 _a胡月娟编
245 _a新内外科护理学(1)
_c
260 _a
_b合记图书出版社
_c
300 _b
650 _a各种护理
942 _cBK
_o419.7 HYJ v.1
999 _c46859
_d46849